000 00892nam a2200253Ia 4500
001 597
003 GE_BSU
008 181216s||||||||xx |||||||||||||| ||und||
020 _a5511007951
040 _cGE_BSU
080 _a94(100)(075.8)
100 _aთვალავაძე,ვაჟა
245 _aახალი ისტორია 1815-1871 წლები.ნაკ.III
245 _bდამხმარე სახელმძღვანელო
245 _cრედ. გ. მანჯგალაძე
260 _aთბილისი
260 _bთბილისის უნივერსიტეტის გამ–ბა
260 _c1998
300 _a263გვ. 21 სმ.
541 _h8ლ.
653 _aახალი ისტორია 1815-1871 წლები.ნაკ.III
653 _aისტორია
942 _cBK
999 _c34787
_d34787